| 000 | 00518cam a22001934a 4500 | ||
|---|---|---|---|
| 005 | 20250605164151.0 | ||
| 008 | 250528s ||||||||||||||||||||||||d | ||
| 035 | _a19380 | ||
| 020 | _a9608065046 | ||
| 040 |
_aGR-AtMCL _bgre _dGR-AtMCL _eAACR2 |
||
| 245 | 1 | _aΤΑ ΟΙΚΟΝΟΜΙΚΑ ΤΩΝ ΠΡΟΜΗΘΕΙΩΝ ΤΟΥ ΔΗΜΟΣΙΟΥ | |
| 250 | _a1 | ||
| 260 |
_bΖυγός, _c1999 |
||
| 300 | _a417 | ||
| 700 | 1 |
_aΜαρδας Δημητρης _95629 |
|
| 942 | _cBK | ||
| 999 |
_c4636 _d4636 |
||